| 000 | 01663nam0a2200337 4500 | ||
|---|---|---|---|
| 001 | RU\NLR\BIBL_A\010945421 | ||
| 005 | 20260407235333.0 | ||
| 010 |
_a978-5-87184-143-7 _9500 |
||
| 035 | _a(NLR Aleph) 010945421 | ||
| 090 |
_a10765400 _c10765400 |
||
| 100 | _a20151228d2007 |||y0rusy50 ca | ||
| 101 | 0 | _arus | |
| 102 | _aRU | ||
| 105 | _aa c 001yy | ||
| 200 | 1 |
_aКостюм народов Южного Урала _eуказатель литературы _fЧеляб. обл. унив. науч. б-ка, Отд. лит. по искусству _g[сост.: И.А. Бывалова _gред.: О.Д. Суховилова, Г.Д. Куцева] |
|
| 210 |
_aЧелябинск _cЧелябинский дом печати _d2007 |
||
| 215 |
_a111 с., [2] л. цв. ил. _d20 |
||
| 225 | 1 | _a2008 - Год традиционного народного творчества в Челябинской области | |
| 320 | _aИмен. указ.: с. 100-106 | ||
| 320 | _aГеогр. указ.: с. 107-109 | ||
| 606 | 1 |
_aКостюм народов Южного Урала _jУказатели _92273042 _3RU\NLR\AUTH\6601591106 |
|
| 686 | 1 | _aЩ126.63(2Р36)я1 | |
| 702 | 1 |
_aБывалова _bИ.А. _4220 |
|
| 702 | 1 |
_aСуховилова _bО.Д. _4340 |
|
| 712 | 0 | 2 |
_4570 _aЧелябинская областная универсальная научная библиотека _bОтдел литературы по искусству _3RU\NLR\AUTH\8810162630 _9821180 |
| 942 | _cBOOK | ||
| 980 | _aNB | ||